Ancestors of Domesticated Animals - Statistics

General Stats
  • This quiz has been taken 13 times
  • The average score is 12 of 40
Answer Stats
Hint Answer % Correct
Dog Wolf
100%
Cattle Aurochs
67%
Alpaca Vicuña
67%
Pig Wild Boar
67%
Cat African Wildcat
50%
Silver Fox Red Fox
50%
Pigeon Rock Dove
50%
Horse Wild Horse
50%
Turkey Wild Turkey
50%
Fancy Rat Brown Rat
33%
Rabbit European Rabbit
33%
Gayal Gaur
33%
Llama Guanaco
33%
Duck Mallard
33%
Sheep Mouflon
33%
Muscovy Muscovy Duck
33%
Chicken Red Junglefowl
33%
Bactrian Camel Wild Bactrian Camel
33%
Goat Wild Goat
33%
Water Buffalo Wild Water Buffalo
33%
Yak Wild Yak
33%
Barbary Dove African Collared Dove
17%
Donkey African Wild Ass
17%
Mink American Mink
17%
Koi Amur Carp
17%
Canary Atlantic Canary
17%
Bali Cattle Banteng
17%
Fuegian Dog Culpeo
17%
Ferret European Polecat
17%
Goose Greylag Goose
17%
Guinea Fowl Helmeted Guinea Fowl
17%
Fancy Mouse House Mouse
17%
Quail Japanese Quail
17%
Chinese Goose Swan Goose
17%
Dromedary Wild Dromedary
17%
Silk Moth Wild Silk Moth
17%
Guinea Pig Montane Guinea Pig
0%
Goldfish Prussian Carp
0%
Society Finch White-rumped Munia
0%
Eri Silk Moth Wild Eri Silk Moth
0%
No matching quizzes found
Score Distribution
Percent of People with Each Score
Percentile by Number Answered
Your Score History
You have not taken this quiz